000 00520nam a2200205Ia 4500
003 OSt
005 20251021115030.0
008 221004b |||||||| |||| 00| 0 eng d
037 _cTB
040 _aCRL
_cCRL
_beng
041 _2eng
_aeng
084 _aU2g7 K2
_qAL
100 _aMilne, Lorus J.
_9635090
245 0 _aMountains
260 _c1962.
650 _aGEOGRAPHY
_9848879
650 _aMountains
_9668683
942 _hU2g7 K2
_cTB
_2CC
_n0
999 _c1050213
_d1050213